| 000 | 01001nam0a22002531 4500 | ||
|---|---|---|---|
| 001 | rc\2871061 | ||
| 005 | 20250529211736.0 | ||
| 035 | _a(NLR Aleph) 007024419 | ||
| 090 |
_a5940726 _c5940726 |
||
| 100 | _a20110714d1929 |||y0rusy50 ca | ||
| 101 | 0 | _arus | |
| 102 | _aRU | ||
| 105 | _aa z ||||| | ||
| 200 | 1 |
_aО применимости теории упругости у расчету естественных оснований _fИ.В. Яропольский _gЛенингр. ин-т инж. путей сообщения |
|
| 210 |
_aЛенинград _cБ. и. _d1929 |
||
| 215 |
_a23 с. _cчерт. _d25 см |
||
| 300 | _aБез тит. л. Описано по обл. | ||
| 300 | _aОтд. отт. из Сборника Ин-та вып. 99 | ||
| 700 | 1 |
_7ca _8rus _aЯропольский _bИ. В. _f1894- _gИван Васильевич _9143424 _3RU\NLR\AUTH\770143460 |
|
| 801 | 0 |
_aRU _bNLR _gpsbo |
|
| 801 | 1 |
_aRU _bELAR _2rusmarc |
|
| 852 |
_aNLR _jТ80 В-8/42 |
||
| 942 | _cBOOK | ||
| 980 | _aNB | ||